[Event "XXVI Ogolnopolska Olimpiada Mlodziezy"]
[Site "Pulawy"]
[Date "2020.10.09"]
[Round "8.23"]
[White "Leski, Franciszek"]
[Black "Wieckowski, Michal"]
[Result "0-1"]
[WhiteElo "1379"]
[BlackElo "1494"]
[PlyCount "74"]
[EventDate "2020.10.04"]
[EventType "swiss"]
[Tiebreak "Sum of Buchholz+Median1 Buchholz+Sonneborn-Berger (Swiss)"]

1. d4 f5 2. Qd3 d6 3. f3 g6 4. e4 fxe4 5. fxe4 Bg7 6. Nf3 Nf6 7. Be2 O-O 8. O-O
Nc6 9. Ng5 d5 10. c3 dxe4 11. Qc4+ Nd5 12. Rxf8+ Bxf8 13. Nxe4 Bf5 14. Bf3 e6
15. Bg5 Be7 16. Bxe7 Qxe7 17. Nbd2 Bxe4 18. Nxe4 Nb6 19. Qb3 Na5 20. Qb5 Nac4
21. Qc5 Re8 22. b3 Nd6 23. Qa5 Nxe4 24. Bxe4 c6 25. Qxa7 Nd5 26. c4 Qg5 27. Bf3
Qe3+ 28. Kh1 Nf4 29. Qa3 Qxd4 30. Qc1 Nd3 31. Qf1 Nf2+ 32. Kg1 Nd1+ 33. Kh1
Qxa1 34. Qxd1 Qxd1+ 35. Bxd1 Rd8 36. Bg4 Kf7 37. h4 Rd4 0-1

[Event "XXVI Ogolnopolska Olimpiada Mlodziezy"]
[Site "Pulawy"]
[Date "2020.10.09"]
[Round "8.23"]
[White "Najdecka, Laura"]
[Black "Laszczuk, Marcelina"]
[Result "1-0"]
[WhiteElo "1106"]
[BlackElo "1104"]
[PlyCount "111"]
[EventDate "2020.10.04"]
[EventType "swiss"]
[Tiebreak "Sum of Buchholz+Median1 Buchholz+Sonneborn-Berger (Swiss)"]

1. e4 e5 2. Nf3 Nc6 3. c3 d5 4. Qa4 Qd6 5. d3 dxe4 6. dxe4 Bd7 7. Be3 Nf6 8. h3
Be7 9. Bc4 O-O 10. Nbd2 a6 11. Qc2 Na5 12. O-O b5 13. Be2 c5 14. Rfd1 Qc7 15.
c4 b4 16. b3 Bc6 17. a3 Nb7 18. axb4 cxb4 19. c5 a5 20. Bd3 Rad8 21. Nf1 h6 22.
Ng3 Rd7 23. Nf5 Nd8 24. Nxe7+ Rxe7 25. Nh4 Bd7 26. Nf5 Bxf5 27. exf5 Nc6 28.
Be4 Rd7 29. Rxd7 Qxd7 30. Bxc6 Qxc6 31. Rxa5 Nd5 32. Qe4 Rc8 33. Qxe5 Re8 34.
Qd6 Qxd6 35. cxd6 Nxe3 36. fxe3 Rd8 37. Rd5 Kf8 38. Rd4 f6 39. Kf2 Ke8 40. e4
Kd7 41. Rxb4 Kxd6 42. Rd4+ Kc7 43. Rxd8 Kxd8 44. Ke3 Kc7 45. Kd4 Kd6 46. b4 h5
47. h4 Kc6 48. Kc4 Kb6 49. b5 Kb7 50. Kc5 Kc7 51. b6+ Kd8 52. Kc6 Kc8 53. b7+
Kb8 54. g3 g6 55. fxg6 f5 56. exf5 1-0

[Event "XXVI Ogolnopolska Olimpiada Mlodziezy"]
[Site "Pulawy"]
[Date "2020.10.09"]
[Round "8.23"]
[White "Tarlowski, Bartosz"]
[Black "Stepinski, Piotr"]
[Result "1/2-1/2"]
[WhiteElo "1145"]
[BlackElo "1197"]
[PlyCount "81"]
[EventDate "2020.10.04"]
[EventType "swiss"]
[Tiebreak "Sum of Buchholz+Median1 Buchholz+Sonneborn-Berger (Swiss)"]

1. e4 d5 2. exd5 Qxd5 3. Nc3 Qd6 4. Nf3 Bg4 5. Be2 Nf6 6. d3 h6 7. h3 Bh5 8.
Be3 a6 9. Qd2 Nc6 10. O-O-O O-O-O 11. g4 Bg6 12. Nh4 Bh7 13. f4 Nd5 14. Nxd5
Qxd5 15. Kb1 e6 16. Bf3 Qd7 17. Qc3 Be7 18. Ng2 Bf6 19. Bxc6 Qxc6 20. Qxc6 bxc6
21. Bc1 Rd7 22. b3 Rhd8 23. Bb2 Bxb2 24. Kxb2 Be4 25. Rhg1 Bxg2 26. Rxg2 Kb7
27. Rf2 Kb6 28. Re1 Kc5 29. f5 exf5 30. Rxf5+ Kb6 31. Rfe5 f6 32. R5e4 Rf7 33.
Re7 Rd7 34. Rxd7 Rxd7 35. Re4 c5 36. Kc3 Kb5 37. h4 c6 38. h5 Kb6 39. b4 Rd5
40. bxc5+ Rxc5+ 41. Kb3 1/2-1/2

[Event "XXVI Ogolnopolska Olimpiada Mlodziezy"]
[Site "Pulawy"]
[Date "2020.10.09"]
[Round "8.24"]
[White "Bartoszczuk, Adam"]
[Black "Gawlik, Olivier"]
[Result "1-0"]
[WhiteElo "1439"]
[BlackElo "1115"]
[PlyCount "55"]
[EventDate "2020.10.04"]
[EventType "swiss"]
[Tiebreak "Sum of Buchholz+Median1 Buchholz+Sonneborn-Berger (Swiss)"]

1. e4 c5 2. Nf3 Nc6 3. d4 cxd4 4. Nxd4 Nf6 5. Nc3 e5 6. Ndb5 Bb4 7. Nd6+ Ke7 8.
Nf5+ Kf8 9. Bg5 h6 10. Bxf6 Qxf6 11. Bc4 Nd4 12. Ne3 Qf4 13. O-O Be7 14. Ned5
Qg5 15. f4 Qg6 16. fxe5 Bc5 17. Kh1 b5 18. Nf4 Qh7 19. Bd5 Rb8 20. Qh5 Ke8 21.
Bxf7+ Kd8 22. e6 Be7 23. Rad1 Nc6 24. exd7 Bxd7 25. Qd5 Rb7 26. Qxc6 Bf8 27.
Ne6+ Ke7 28. Qd6# 1-0

[Event "XXVI Ogolnopolska Olimpiada Mlodziezy"]
[Site "Pulawy"]
[Date "2020.10.09"]
[Round "8.24"]
[White "Karut, Kacper"]
[Black "Demski, Michal"]
[Result "1/2-1/2"]
[WhiteElo "1657"]
[BlackElo "1809"]
[PlyCount "69"]
[EventDate "2020.10.04"]
[EventType "swiss"]
[Tiebreak "Sum of Buchholz+Median1 Buchholz+Sonneborn-Berger (Swiss)"]

1. e4 d6 2. d4 Nf6 3. Nc3 c6 4. f3 g6 5. Be3 Bg7 6. Qd2 h5 7. O-O-O a5 8. e5
dxe5 9. dxe5 Qxd2+ 10. Rxd2 Nh7 11. f4 O-O 12. Bd3 Na6 13. Nf3 Nb4 14. Be4 Be6
15. a3 Na6 16. Rhd1 Rfc8 17. Na4 Re8 18. h3 Nf8 19. Nc5 Nxc5 20. Bxc5 Bh6 21.
Be3 f5 22. Bd3 Bd5 23. Nh4 b5 24. Be2 e6 25. Bf3 a4 26. g3 Kh7 27. Bxd5 cxd5
28. Nf3 Nd7 29. h4 Rac8 30. Kb1 Kg7 31. Nd4 Nxe5 32. Nxb5 Nc4 33. Rd3 Rb8 34.
Nc7 Re7 35. Bd4+ 1/2-1/2

[Event "XXVI Ogolnopolska Olimpiada Mlodziezy"]
[Site "Pulawy"]
[Date "2020.10.09"]
[Round "8.24"]
[White "Karys, Katarzyna"]
[Black "Brelinska, Matylda"]
[Result "1/2-1/2"]
[WhiteElo "1132"]
[BlackElo "1180"]
[PlyCount "67"]
[EventDate "2020.10.04"]
[EventType "swiss"]
[Tiebreak "Sum of Buchholz+Median1 Buchholz+Sonneborn-Berger (Swiss)"]

1. e4 c5 2. Nf3 e6 3. d4 cxd4 4. Nxd4 a6 5. Nc3 b5 6. a3 Qc7 7. Bd3 Bb7 8. O-O
Nf6 9. Re1 d6 10. Kh1 Be7 11. f4 Nbd7 12. Nf3 e5 13. fxe5 dxe5 14. Be3 O-O 15.
Qd2 Rad8 16. Rad1 Nc5 17. Bxc5 Bxc5 18. Qe2 Ng4 19. Rf1 Ne3 20. Nd5 Bxd5 21.
exd5 Nxd1 22. Rxd1 Rfe8 23. Qe4 g6 24. Ng5 Qe7 25. Qh4 h5 26. Qg3 Rxd5 27. Ne4
Kh8 28. Rf1 Rf8 29. Nf6 Rdd8 30. Qg5 Kg7 31. Nxh5+ Kh7 32. Nf6+ Kg7 33. Nh5+
Kh7 34. Nf6+ 1/2-1/2

[Event "XXVI Ogolnopolska Olimpiada Mlodziezy"]
[Site "Pulawy"]
[Date "2020.10.09"]
[Round "8.25"]
[White "Kowalski, Witold"]
[Black "Fil, Grzegorz"]
[Result "1-0"]
[WhiteElo "1330"]
[BlackElo "1268"]
[PlyCount "135"]
[EventDate "2020.10.04"]
[EventType "swiss"]
[Tiebreak "Sum of Buchholz+Median1 Buchholz+Sonneborn-Berger (Swiss)"]

1. e4 c5 2. Nf3 Nc6 3. d4 cxd4 4. Nxd4 e5 5. Nb3 Nf6 6. Nc3 Bb4 7. Bd3 d5 8.
exd5 Nxd5 9. Bd2 Nxc3 10. bxc3 Be7 11. O-O O-O 12. Re1 b6 13. Qe2 Qc7 14. Rad1
Bb7 15. Qg4 Bf6 16. h4 Ne7 17. h5 Bc8 18. Qf3 Bb7 19. Qg3 Nd5 20. h6 Nf4 21.
hxg7 Bxg7 22. Be4 Bxe4 23. Rxe4 Ng6 24. Ree1 Rfd8 25. Nd4 Qc4 26. Nf5 Qxa2 27.
Bh6 Bxh6 28. Nxh6+ Kg7 29. Nf5+ Kg8 30. Qg5 Rxd1 31. Rxd1 Qe6 32. Rd6 Qe8 33.
Nh6+ Kg7 34. Ng4 Qf8 35. Qf6+ Kg8 36. Rd7 Qg7 37. Qf5 h6 38. Rxf7 Qxf7 39.
Nxh6+ Kg7 40. Qxf7+ Kxh6 41. Qb7 Rd8 42. Qxa7 Rd1+ 43. Kh2 Rd2 44. Qxb6 Rxc2
45. Qe3+ Kg7 46. g3 Kf6 47. Kh3 Ne7 48. Qf3+ Ke6 49. Qg4+ Kf6 50. f4 exf4 51.
Qxf4+ Kg7 52. c4 Ng6 53. Qd4+ Kf7 54. Qd5+ Kf6 55. c5 Ne7 56. Qd6+ Kf7 57. g4
Rc4 58. g5 Rc3+ 59. Kg4 Rc4+ 60. Kh5 Ke8 61. g6 Rh4+ 62. Kxh4 Nf5+ 63. Kg5 Nh4
64. Qe6+ Kd8 65. g7 Kc7 66. Qd6+ Kb7 67. Qb6+ Ka8 68. g8=Q# 1-0

[Event "XXVI Ogolnopolska Olimpiada Mlodziezy"]
[Site "Pulawy"]
[Date "2020.10.09"]
[Round "8.25"]
[White "Kuczynski, Michal"]
[Black "Kozera, Dawid"]
[Result "1/2-1/2"]
[WhiteElo "1341"]
[BlackElo "1450"]
[PlyCount "80"]
[EventDate "2020.10.04"]
[EventType "swiss"]
[Tiebreak "Sum of Buchholz+Median1 Buchholz+Sonneborn-Berger (Swiss)"]

1. e4 c5 2. Nf3 e6 3. d4 cxd4 4. Nxd4 Nf6 5. Nc3 d6 6. g4 a6 7. g5 Nfd7 8. f4
Nb6 9. h4 d5 10. e5 Nc6 11. Be3 Bb4 12. h5 Na4 13. Nxc6 bxc6 14. Bd2 Qa5 15. a3
Bxc3 16. bxc3 Qc5 17. Qf3 Nb2 18. Qg3 Nc4 19. Bd3 Nxd2 20. Kxd2 Bd7 21. g6 hxg6
22. hxg6 O-O-O 23. Rab1 Kc7 24. gxf7 Rxh1 25. Rxh1 Rf8 26. Bg6 d4 27. Rh7 dxc3+
28. Qxc3 Qf2+ 29. Kd1 Qg1+ 30. Qe1 Qg4+ 31. Kc1 Qxf4+ 32. Qd2 Qf1+ 33. Kb2 Rb8+
34. Kc3 Qa1+ 35. Kd3 Qxe5 36. Qe3 Qd5+ 37. Qd4 Qf3+ 38. Kd2 Qg2+ 39. Kc3 Qf3+
40. Kd2 Qg2+ 1/2-1/2

[Event "XXVI Ogolnopolska Olimpiada Mlodziezy"]
[Site "Pulawy"]
[Date "2020.10.09"]
[Round "8.25"]
[White "Wesolowska, Liliana"]
[Black "Dzierzgowska, Jagoda"]
[Result "0-1"]
[WhiteElo "1033"]
[BlackElo "1109"]
[PlyCount "64"]
[EventDate "2020.10.04"]
[EventType "swiss"]
[Tiebreak "Sum of Buchholz+Median1 Buchholz+Sonneborn-Berger (Swiss)"]

1. e4 e6 2. c4 d5 3. cxd5 exd5 4. exd5 Nf6 5. Nc3 Nxd5 6. Bc4 Nxc3 7. dxc3
Qxd1+ 8. Kxd1 Bf5 9. Nf3 Be7 10. Re1 Nc6 11. Bb5 Rd8+ 12. Bd2 a6 13. Bxc6+ bxc6
14. Nd4 Bd7 15. Kc2 c5 16. Nb3 Kf8 17. Bf4 Be6 18. Bxc7 Bf5+ 19. Kc1 Bg5+ 20.
f4 Rd7 21. fxg5 Rxc7 22. Re5 Bg4 23. Rxc5 Re7 24. Nd4 Re1+ 25. Kd2 Rxa1 26. h3
Bd7 27. Rc7 Ke7 28. Nf5+ Kd8 29. Ra7 Bxf5 30. Rxa6 Ke7 31. b4 Rd8+ 32. Ke2 Bd3+
0-1

[Event "XXVI Ogolnopolska Olimpiada Mlodziezy"]
[Site "Pulawy"]
[Date "2020.10.09"]
[Round "8.26"]
[White "Pisarek, Jan"]
[Black "Drzewiecki, Milosz"]
[Result "1-0"]
[WhiteElo "1608"]
[BlackElo "1246"]
[PlyCount "91"]
[EventDate "2020.10.04"]
[EventType "swiss"]
[Tiebreak "Sum of Buchholz+Median1 Buchholz+Sonneborn-Berger (Swiss)"]

1. e4 Nc6 2. Nc3 e5 3. Bc4 Nf6 4. d3 Bc5 5. Nf3 d6 6. h3 O-O 7. O-O h6 8. Be3
Bb6 9. Qd2 Be6 10. Bb3 Nd4 11. Bxd4 exd4 12. Ne2 c5 13. Nf4 Bd7 14. Nd5 Ba5 15.
Qf4 Nxd5 16. Bxd5 Qb6 17. Bb3 Be6 18. Nh4 g5 19. Qg3 Bd2 20. Nf5 Bxf5 21. exf5
Bf4 22. Qf3 Rad8 23. Qd5 Rde8 24. Rfe1 Qc7 25. Rad1 Qd7 26. g3 Be5 27. Qf3 b5
28. Bd5 Re7 29. Kg2 Rfe8 30. Bc6 Qc8 31. Bxe8 Rxe8 32. Qe4 Re7 33. h4 Qe8 34.
Qg4 f6 35. Re2 d5 36. Rde1 Qd7 37. f4 Bd6 38. Rxe7 Bxe7 39. Re6 c4 40. fxg5
fxg5 41. Qh5 cxd3 42. Rg6+ Kf8 43. Qxh6+ Kf7 44. Rg7+ Ke8 45. Rg8+ Kf7 46. Qg6#
1-0

[Event "XXVI Ogolnopolska Olimpiada Mlodziezy"]
[Site "Pulawy"]
[Date "2020.10.11"]
[Round "9.1"]
[White "Klim, Filip"]
[Black "Musial, Igor"]
[Result "1-0"]
[WhiteElo "1843"]
[BlackElo "1722"]
[PlyCount "27"]
[EventDate "2020.10.04"]
[EventType "swiss"]
[Tiebreak "Sum of Buchholz+Median1 Buchholz+Sonneborn-Berger (Swiss)"]

1. e4 c5 2. Nf3 Nc6 3. d4 cxd4 4. Nxd4 Nf6 5. Nc3 d6 6. Bg5 e6 7. Qd2 a6 8.
Nxc6 bxc6 9. O-O-O d5 10. Bxf6 Qxf6 11. exd5 cxd5 12. Nxd5 exd5 13. Qxd5 Rb8
14. Bb5+ 1-0

[Event "XXVI Ogolnopolska Olimpiada Mlodziezy"]
[Site "Pulawy"]
[Date "2020.10.11"]
[Round "9.1"]
[White "Szczotka, Klara"]
[Black "Lazniewska, Zofia"]
[Result "1/2-1/2"]
[WhiteElo "1959"]
[BlackElo "1506"]
[PlyCount "63"]
[EventDate "2020.10.04"]
[EventType "swiss"]
[Tiebreak "Sum of Buchholz+Median1 Buchholz+Sonneborn-Berger (Swiss)"]

1. e4 c5 2. Nf3 Nc6 3. Bb5 d6 4. O-O Bd7 5. Re1 Nf6 6. Bf1 e6 7. Nc3 Be7 8. d3
O-O 9. h3 h6 10. Nh2 d5 11. Ng4 d4 12. Nxf6+ Bxf6 13. Ne2 e5 14. g3 Bg5 15. Bg2
Bxc1 16. Qxc1 Qc8 17. g4 Qd8 18. Ng3 Ne7 19. f4 Ng6 20. f5 Nf4 21. Ne2 Nxe2+
22. Rxe2 Qf6 23. Bf1 Qh4 24. Qe1 Qxe1 25. Raxe1 f6 26. Kg2 Kf7 27. Kf3 Ke7 28.
Rg2 Rh8 29. Be2 Rag8 30. Reg1 a6 31. Kf2 Be8 32. Ke1 1/2-1/2

[Event "XXVI Ogolnopolska Olimpiada Mlodziezy"]
[Site "Pulawy"]
[Date "2020.10.11"]
[Round "9.1"]
[White "Tokarz, Izabela"]
[Black "Starosta, Martyna"]
[Result "0-1"]
[WhiteElo "1549"]
[BlackElo "2046"]
[PlyCount "54"]
[EventDate "2020.10.04"]
[EventType "swiss"]
[Tiebreak "Sum of Buchholz+Median1 Buchholz+Sonneborn-Berger (Swiss)"]

1. d4 Nf6 2. c4 g6 3. Nf3 Bg7 4. g3 d6 5. Nc3 O-O 6. Bg2 Nc6 7. O-O Bg4 8. h3
Bxf3 9. Bxf3 Nd7 10. e3 e5 11. Bxc6 bxc6 12. d5 cxd5 13. cxd5 f5 14. Ne2 Rb8
15. Rb1 Qe7 16. b4 Qf7 17. Qb3 a5 18. a3 axb4 19. axb4 g5 20. Qd3 e4 21. Qb3
Qh5 22. f3 exf3 23. Nd4 Qxh3 24. Rxf3 g4 25. Rf2 Qxg3+ 26. Rg2 Qe1+ 27. Kh2
Be5+ 0-1

[Event "XXVI Ogolnopolska Olimpiada Mlodziezy"]
[Site "Pulawy"]
[Date "2020.10.11"]
[Round "9.1"]
[White "Wilk, Igor"]
[Black "Klimkowski, Jan"]
[Result "1/2-1/2"]
[WhiteElo "1744"]
[BlackElo "2298"]
[PlyCount "76"]
[EventDate "2020.10.04"]
[EventType "swiss"]
[Tiebreak "Sum of Buchholz+Median1 Buchholz+Sonneborn-Berger (Swiss)"]

1. e4 c5 2. Nf3 d6 3. d4 cxd4 4. Nxd4 Nf6 5. Nc3 a6 6. Be3 e5 7. Nf3 Be7 8. Bc4
O-O 9. O-O Qc7 10. Bb3 Nbd7 11. Nh4 Nc5 12. Bd5 Be6 13. Nf5 Bxf5 14. exf5 Rab8
15. Bg5 Na4 16. Bxf7+ Rxf7 17. Nxa4 Qd7 18. Bxf6 gxf6 19. Nb6 Qxf5 20. Qd3 Qxd3
21. cxd3 Bd8 22. Nd5 Rc8 23. Rac1 Rc5 24. Rxc5 dxc5 25. Rd1 Kg7 26. Kf1 Kg6 27.
Ke2 Rd7 28. Ne3 f5 29. Rc1 Be7 30. Nc4 Kf6 31. Ne3 Ke6 32. Rc3 b5 33. b3 Bd6
34. g3 Rg7 35. Rc1 Rg6 36. a4 f4 37. Nf1 fxg3 38. hxg3 Rg4 1/2-1/2

[Event "XXVI Ogolnopolska Olimpiada Mlodziezy"]
[Site "Pulawy"]
[Date "2020.10.11"]
[Round "9.2"]
[White "Chyzy, Jakub"]
[Black "Karolczuk, Iwo"]
[Result "1/2-1/2"]
[WhiteElo "2250"]
[BlackElo "2010"]
[PlyCount "61"]
[EventDate "2020.10.04"]
[EventType "swiss"]
[Tiebreak "Sum of Buchholz+Median1 Buchholz+Sonneborn-Berger (Swiss)"]

1. e4 c5 2. Nc3 Nc6 3. Bb5 e6 4. Bxc6 bxc6 5. d3 d5 6. f4 Qc7 7. Nf3 Nf6 8. O-O
Be7 9. Qe1 O-O 10. e5 Nd7 11. Qg3 f5 12. exf6 Bxf6 13. Bd2 Ba6 14. Rae1 Rae8
15. b3 e5 16. fxe5 Nxe5 17. Kh1 Qd8 18. Nxe5 Rxe5 19. Na4 c4 20. Nc5 Bc8 21.
bxc4 Rxe1 22. Qxe1 Re8 23. Qf2 dxc4 24. Ne4 cxd3 25. cxd3 Rf8 26. Nxf6+ Qxf6
27. Qxf6 Rxf6 28. Rxf6 gxf6 29. Kg1 Bf5 30. d4 Kf7 31. Bb4 1/2-1/2

[Event "XXVI Ogolnopolska Olimpiada Mlodziezy"]
[Site "Pulawy"]
[Date "2020.10.11"]
[Round "9.2"]
[White "Gaszka, Zuzanna"]
[Black "Banasiak, Adrianna"]
[Result "1/2-1/2"]
[WhiteElo "1417"]
[BlackElo "1216"]
[PlyCount "65"]
[EventDate "2020.10.04"]
[EventType "swiss"]
[Tiebreak "Sum of Buchholz+Median1 Buchholz+Sonneborn-Berger (Swiss)"]

1. e4 Nf6 2. e5 Nd5 3. c4 Nb6 4. d4 d6 5. exd6 cxd6 6. Nf3 Bg4 7. h3 Bxf3 8.
Qxf3 Nc6 9. Be3 g6 10. Nc3 Bg7 11. Rd1 O-O 12. Be2 f5 13. c5 f4 14. Bc1 Nxd4
15. Rxd4 Bxd4 16. cxb6 e6 17. h4 Rf5 18. Bd3 Bxc3+ 19. bxc3 Re5+ 20. Kf1 Qxb6
21. Qg4 Rf8 22. h5 g5 23. a3 Qb3 24. Qf3 Kh8 25. Bd2 Qd5 26. c4 Qxf3 27. gxf3
Rc5 28. Bb4 Rc6 29. Be4 Rxc4 30. Bxd6 Rc1+ 31. Kg2 Rxh1 32. Kxh1 Rf7 33. Bb4
1/2-1/2

[Event "XXVI Ogolnopolska Olimpiada Mlodziezy"]
[Site "Pulawy"]
[Date "2020.10.11"]
[Round "9.2"]
[White "Grot, Blazej"]
[Black "Seemann, Jakub"]
[Result "1/2-1/2"]
[WhiteElo "1791"]
[BlackElo "2339"]
[PlyCount "103"]
[EventDate "2020.10.04"]
[EventType "swiss"]
[Tiebreak "Sum of Buchholz+Median1 Buchholz+Sonneborn-Berger (Swiss)"]

1. e4 c5 2. Nf3 Nc6 3. Bb5 g6 4. O-O Bg7 5. Re1 Nf6 6. e5 Nd5 7. Nc3 Nc7 8.
Bxc6 dxc6 9. Ne4 b6 10. Nf6+ Kf8 11. Ne4 Ne6 12. d3 h6 13. Bd2 Kg8 14. a3 Nd4
15. Nxd4 cxd4 16. f4 Qd5 17. Qf3 h5 18. h3 Be6 19. a4 a5 20. b3 Rf8 21. Re2 Qd7
22. Rae1 Bd5 23. Qf2 c5 24. Ng5 Bh6 25. e6 fxe6 26. Nxe6 Rf6 27. f5 Bxd2 28.
Rxd2 Rxf5 29. Qg3 Kh7 30. Nf4 Bf7 31. Rf2 e5 32. Ne2 Be6 33. Rxf5 Bxf5 34. Qxe5
Re8 35. Qg3 Re3 36. Qf2 Qe6 37. Kf1 Qe5 38. Ng1 Rxe1+ 39. Qxe1 Qf4+ 40. Ke2
Qe3+ 41. Kd1 Qg5 42. Nf3 Qf6 43. Qd2 Bd7 44. Kc1 Bc6 45. Qe2 Bxf3 46. gxf3 Qf4+
47. Kd1 Kh6 48. Qe4 Qg3 49. h4 Qd6 50. f4 Qd7 51. Qe5 Kh7 52. Kd2 1/2-1/2

[Event "XXVI Ogolnopolska Olimpiada Mlodziezy"]
[Site "Pulawy"]
[Date "2020.10.11"]
[Round "9.2"]
[White "Siekanska, Maria"]
[Black "Zabrzanska, Weronika"]
[Result "1-0"]
[WhiteElo "1916"]
[BlackElo "1830"]
[PlyCount "77"]
[EventDate "2020.10.04"]
[EventType "swiss"]
[Tiebreak "Sum of Buchholz+Median1 Buchholz+Sonneborn-Berger (Swiss)"]

1. d4 Nf6 2. c4 e6 3. Nc3 Bb4 4. e3 d5 5. a3 Bxc3+ 6. bxc3 c5 7. cxd5 exd5 8.
Bd3 O-O 9. Ne2 b6 10. O-O Nc6 11. f3 Re8 12. Ng3 a5 13. Re1 Ba6 14. Bb2 Bxd3
15. Qxd3 Rc8 16. Rad1 cxd4 17. cxd4 Ne7 18. e4 Rc4 19. e5 Nd7 20. f4 b5 21. f5
f6 22. Nh5 Qb6 23. Kh1 Qc7 24. Re3 Rc2 25. Rg3 Qc4 26. Rxg7+ Kh8 27. Qh3 h6 28.
e6 Qe2 29. Rg1 Nf8 30. Nxf6 Kxg7 31. Nxe8+ Kh7 32. Bc1 Rxc1 33. Rxc1 Qd2 34.
Qc3 Qxc3 35. Rxc3 Nxf5 36. Rf3 Kg6 37. e7 Ne6 38. Rxf5 Kxf5 39. Nd6+ 1-0

[Event "XXVI Ogolnopolska Olimpiada Mlodziezy"]
[Site "Pulawy"]
[Date "2020.10.11"]
[Round "9.3"]
[White "Backiel, Hubert"]
[Black "Fiszer, Bartosz"]
[Result "0-1"]
[WhiteElo "2073"]
[BlackElo "2225"]
[PlyCount "90"]
[EventDate "2020.10.04"]
[EventType "swiss"]
[Tiebreak "Sum of Buchholz+Median1 Buchholz+Sonneborn-Berger (Swiss)"]

1. e4 c5 2. Nf3 d6 3. d4 cxd4 4. Nxd4 Nf6 5. Nc3 Nc6 6. f3 e5 7. Nb3 Be7 8. Be3
O-O 9. Qd2 Be6 10. O-O-O a5 11. Bb5 Na7 12. Bxa7 Rxa7 13. Qe3 Ra8 14. g4 Nxg4
15. Qe2 Nf6 16. Kb1 Qb6 17. a4 Rac8 18. h4 Nh5 19. Rhg1 Nf4 20. Qh2 h5 21. Nc1
Rxc3 22. bxc3 Rc8 23. Qd2 Bc4 24. Ka1 Bxb5 25. axb5 Qxb5 26. Na2 Qc4 27. Rb1 b5
28. Rb3 g6 29. Rgb1 Rc5 30. Qf2 d5 31. Ra3 dxe4 32. Rxa5 exf3 33. Qxf3 Rd5 34.
Ra8+ Kg7 35. Nb4 Rd2 36. Nc6 e4 37. Qxf4 Qxc3+ 38. Rb2 Rd1+ 39. Ka2 Qc4+ 40.
Rb3 Qxc2+ 41. Rb2 Qxc6 42. Rxb5 Qxa8+ 43. Kb2 Qa3+ 44. Kc2 Qd3+ 45. Kb2 Rb1+
0-1

[Event "XXVI Ogolnopolska Olimpiada Mlodziezy"]
[Site "Pulawy"]
[Date "2020.10.11"]
[Round "9.3"]
[White "Krawczyk, Flawian"]
[Black "Karp, Kacper"]
[Result "1-0"]
[WhiteElo "2114"]
[BlackElo "1562"]
[PlyCount "163"]
[EventDate "2020.10.04"]
[EventType "swiss"]
[Tiebreak "Sum of Buchholz+Median1 Buchholz+Sonneborn-Berger (Swiss)"]

1. e4 c5 2. Nf3 e6 3. c4 Nc6 4. Nc3 e5 5. Be2 d6 6. d3 f5 7. exf5 Bxf5 8. O-O
Nf6 9. Ng5 Be7 10. Nge4 O-O 11. Bf3 Qd7 12. Be3 Nd4 13. Bxd4 cxd4 14. Nxf6+
gxf6 15. Nd5 Bg6 16. Qb3 Rae8 17. Rad1 Kh8 18. Qb5 Qc8 19. a3 f5 20. h3 Bg5 21.
Qb4 Qd7 22. Qa5 b6 23. Qb5 Qg7 24. Nb4 Rg8 25. Bd5 Bf7 26. Bxf7 Qxf7 27. Qd5
Qg6 28. Kh1 Qh6 29. Rg1 Rg6 30. Qf3 Reg8 31. Nd5 Bh4 32. Rde1 f4 33. Re4 Bd8
34. b4 Qh4 35. Kh2 Qh6 36. b5 Rg5 37. g4 Qh4 38. Kg2 Qh6 39. Kf1 Qg7 40. a4 h5
41. Nb4 hxg4 42. hxg4 Rxg4 43. Rxg4 Qxg4 44. Qxg4 Rxg4 45. Nc6 Bc7 46. Nxa7 Rh4
47. Kg2 Rg4+ 48. Kf3 Rg1 49. Re2 Ra1 50. Ke4 Rxa4 51. Nc6 Ra1 52. Rd2 Kg7 53.
Kd5 Kf6 54. Nb4 Ke7 55. Kc6 Bd8 56. Kb7 Kd7 57. Nd5 Ra3 58. Nxb6+ Bxb6 59. Kxb6
Rb3 60. f3 Ra3 61. Kb7 Rb3 62. b6 Ra3 63. Rh2 Rxd3 64. Rh7+ Ke8 65. Kc6 Rxf3
66. Kxd6 Rb3 67. c5 d3 68. Ke6 Kf8 69. Kxe5 d2 70. Rd7 Rb5 71. Rxd2 Rxc5+ 72.
Kd6 Rb5 73. Kc6 Rb1 74. Rd5 Rc1+ 75. Rc5 Rb1 76. b7 Ke7 77. Rb5 Rc1+ 78. Kb6 f3
79. b8=Q f2 80. Qe5+ Kd7 81. Rd5+ Kc8 82. Qe8# 1-0

[Event "XXVI Ogolnopolska Olimpiada Mlodziezy"]
[Site "Pulawy"]
[Date "2020.10.11"]
[Round "9.3"]
[White "Mroz, Lena"]
[Black "Barwinska, Ewa"]
[Result "1-0"]
[WhiteElo "1623"]
[BlackElo "1742"]
[PlyCount "85"]
[EventDate "2020.10.04"]
[EventType "swiss"]
[Tiebreak "Sum of Buchholz+Median1 Buchholz+Sonneborn-Berger (Swiss)"]

1. e4 c5 2. Nf3 Nc6 3. d4 cxd4 4. Nxd4 Nf6 5. Nc3 e6 6. Ndb5 Bc5 7. Bf4 O-O 8.
Bd6 Qb6 9. Qd2 Bxd6 10. Nxd6 Qb4 11. O-O-O a6 12. f4 Ne8 13. Nxe8 Rxe8 14. f5
Qe7 15. g4 b5 16. Bd3 Bb7 17. Rhf1 b4 18. Ne2 exf5 19. gxf5 Qf6 20. Ng3 a5 21.
Rg1 Qh4 22. f6 g6 23. Nf5 Qxf6 24. Rdf1 Kh8 25. Nh6 Qe6 26. Nxf7+ Kg8 27. Nd6
Ne5 28. Nxe8 Rxe8 29. Kb1 d5 30. Bb5 Rc8 31. Ba4 Kg7 32. Bb3 Rd8 33. exd5 Bxd5
34. Bxd5 Rxd5 35. Qf4 Rd8 36. Re1 Kg8 37. Rxe5 Qd7 38. Qc4+ Kh8 39. Ree1 Qd2
40. h4 a4 41. h5 a3 42. hxg6 hxg6 43. Qh4+ 1-0

[Event "XXVI Ogolnopolska Olimpiada Mlodziezy"]
[Site "Pulawy"]
[Date "2020.10.11"]
[Round "9.3"]
[White "Seemann, Pola"]
[Black "Kulczycka, Zofia"]
[Result "1-0"]
[WhiteElo "1566"]
[BlackElo "1493"]
[PlyCount "83"]
[EventDate "2020.10.04"]
[EventType "swiss"]
[Tiebreak "Sum of Buchholz+Median1 Buchholz+Sonneborn-Berger (Swiss)"]

1. e4 c5 2. Nf3 d6 3. d4 cxd4 4. Nxd4 Nf6 5. Nc3 g6 6. Be3 Bg7 7. f3 O-O 8. Qd2
Nc6 9. Bc4 Nd7 10. O-O-O Nb6 11. Be2 d5 12. exd5 Nxd5 13. Nxc6 bxc6 14. Nxd5
cxd5 15. Qxd5 Qc7 16. Qxa8 Bf5 17. Qxf8+ Kxf8 18. Rd2 Bf6 19. Rhd1 Qxh2 20. g4
Be6 21. Bc4 Qh3 22. Bxe6 fxe6 23. Rd3 a6 24. g5 Bg7 25. f4 Qg2 26. Bd4 Qe4 27.
Bxg7+ Kxg7 28. Rd4 Qe3+ 29. Kb1 e5 30. fxe5 Qxg5 31. Rd5 Qf4 32. b3 Qe4 33. Kb2
h5 34. c4 h4 35. c5 h3 36. c6 h2 37. c7 Qg2+ 38. R5d2 Qg4 39. Rxh2 Qe6 40. Rc2
Qxe5+ 41. Kb1 Qh5 42. Rdc1 1-0

[Event "XXVI Ogolnopolska Olimpiada Mlodziezy"]
[Site "Pulawy"]
[Date "2020.10.11"]
[Round "9.4"]
[White "Janeczko, Jakub"]
[Black "Wiatrowski, Zbigniew"]
[Result "1-0"]
[WhiteElo "1933"]
[BlackElo "1849"]
[PlyCount "97"]
[EventDate "2020.10.04"]
[EventType "swiss"]
[Tiebreak "Sum of Buchholz+Median1 Buchholz+Sonneborn-Berger (Swiss)"]

1. e4 e5 2. Nf3 Nc6 3. Bc4 Bc5 4. O-O Nf6 5. d3 O-O 6. Bb3 d6 7. c3 Bb6 8. Nbd2
Be6 9. Re1 Re8 10. Nf1 d5 11. Bg5 dxe4 12. dxe4 Qxd1 13. Rc1 Qxe1 14. Rxe1 Rad8
15. Bxf6 gxf6 16. Ng3 Na5 17. Nh5 Bxb3 18. Nxf6+ Kh8 19. axb3 Rd1 20. Rxd1 Re6
21. Ng4 Rd6 22. Rxd6 cxd6 23. Nh6 f6 24. Nd2 Bc7 25. b4 Nc6 26. Nc4 Nd8 27. Ne3
Kg7 28. Nhg4 Ne6 29. Nd5 Bd8 30. Nge3 Ng5 31. Nf5+ Kf7 32. f3 Ke6 33. Kf2 Kd7
34. Ke2 b5 35. Nh6 Ke6 36. h4 Nf7 37. Nxf7 Kxf7 38. f4 f5 39. exf5 Bxh4 40.
fxe5 dxe5 41. Kf3 Bd8 42. Ke4 a5 43. bxa5 Bxa5 44. Kxe5 h5 45. Kd6 h4 46. Kd7
Bb6 47. Nxb6 Kf6 48. Nd5+ Kxf5 49. Ne7+ 1-0

[Event "XXVI Ogolnopolska Olimpiada Mlodziezy"]
[Site "Pulawy"]
[Date "2020.10.11"]
[Round "9.4"]
[White "Komendecki, Antoni"]
[Black "Bochniak, Franciszek"]
[Result "1/2-1/2"]
[WhiteElo "1801"]
[BlackElo "1458"]
[PlyCount "71"]
[EventDate "2020.10.04"]
[EventType "swiss"]
[Tiebreak "Sum of Buchholz+Median1 Buchholz+Sonneborn-Berger (Swiss)"]

1. e4 c5 2. Nf3 Nc6 3. d4 cxd4 4. Nxd4 g6 5. Nc3 Bg7 6. Be3 Nf6 7. Bc4 O-O 8.
Bb3 d6 9. f3 Bd7 10. Qd2 Nxd4 11. Bxd4 b5 12. O-O-O a5 13. Nd5 Nxd5 14. Bxg7
Kxg7 15. Bxd5 Rc8 16. e5 Bf5 17. Be4 Bxe4 18. fxe4 dxe5 19. Qd7 Qxd7 20. Rxd7
e6 21. Rb7 Rc5 22. Rd1 Rfc8 23. c3 R8c7 24. Rb8 b4 25. g4 bxc3 26. b3 c2 27.
Rd2 h6 28. h4 g5 29. h5 a4 30. Ra8 axb3 31. axb3 Rc3 32. Rb8 Kf6 33. Rf2+ Ke7
34. Rh8 Rxb3 35. Rxf7+ Kxf7 36. Rh7+ 1/2-1/2